|
|
|
|
| LEADER |
00000nam a22000007a 4500 |
| 005 |
20170309230114.0 |
| 007 |
cr|||| |||| |
| 008 |
170309s2016 mx |||||s|||| 00||0 spa d |
| 020 |
|
|
|a 978-607-8463-35-0
|
| 035 |
|
|
|a 14815
|
| 040 |
|
|
|a vLex
|
| 090 |
|
|
|c 6592
|d 6592
|
| 100 |
1 |
|
|a Domn̕guez Bocanegra, Germǹ
|
| 245 |
1 |
0 |
|a Didc̀tica y aplicacin̤ de la administracin̤ de operaciones
|h [Recurso electrn̤ico] :
|b Contadura̕ y la administracin̤ /
|c Germǹ Domn̕guez Bocanegra, Alma Rosa Domn̕guez Bocanegra, Jorge Antonio Torres Muǫz
|
| 256 |
|
|
|a Servicio en ln̕ea
|
| 260 |
|
|
|a Mx̌ico DF:
|b Instituto Mexicano de Contadores Pb︢licos,
|c 2016
|
| 300 |
|
|
|a 1 recurso electrn̤ico
|
| 500 |
|
|
|a Desde hace dčadas en las licenciaturas de Contadura̕ y Administracin̤ se imparte la asignatura de Administracin̤ de Operaciones, la cual suele ser compleja para el alumno y, en algunos casos, tambiň para el docente. Cuando se abordan temas como la programacin̤ lineal, la ruta crt̕ica, el mťodo de transporte, entre otros, el docente busca informacin̤ de diversos textos elaborados por ingenieros reconocidos, teniendo su enfoque y aplicacin̤ en las r̀eas de la ingeniera̕. Por ello, Didc̀tica y aplicacin̤ de la administracin̤ de operaciones. Contadura̕ y Administracin̤ tiene como objetivo esencial presentar un enfoque didc̀tico y su aplicacin̤ en las r̀eas como la Contadura̕ y Administracin̤, en las cuales no se le presta la debida importancia que posee, por su complejidad, ya que en muchos de los casos no se interpretan, de manera adecuada, los resultados obtenidos.
|
| 506 |
1 |
|
|a Disponible solo en los productos indicados
|d vLex Global
|d vLex Global (Academic Edition, excluding Law Schools)
|d vLex Global (U.S. Academic Edition, Law Schools)
|d vLex Global (U.S. Academic Edition, excluding Law Schools)
|d vLex Global (Academic Edition, Law Schools)
|
| 650 |
0 |
4 |
|a Derecho Pb︢lico y Administrativo
|z Mx̌ico
|
| 650 |
0 |
4 |
|a Financiero
|z Mx̌ico
|
| 650 |
0 |
4 |
|a Economa̕ y negocios
|z Mx̌ico
|
| 650 |
0 |
4 |
|a Contabilidad
|z Mx̌ico
|
| 650 |
0 |
4 |
|a Banca y finanzas
|z Mx̌ico
|
| 700 |
1 |
|
|a Domn̕guez Bocanegra, Alma Rosa
|
| 700 |
1 |
|
|a Torres Muǫz, Jorge Antonio
|
| 740 |
0 |
|
|a vLex Libros (Servicio en ln̕ea)
|
| 856 |
4 |
0 |
|u http://vlex.com/source/didactica-y-aplicacion-de-la-administracion-de-operaciones-contaduria-y-la-administracion-14815
|z Acceso restringido
|
| 942 |
|
|
|c BOOK
|
| 999 |
0 |
|
|a Public and Administrative Law
|
| 999 |
0 |
|
|a Financial
|
| 999 |
0 |
|
|a Economy and business
|
| 999 |
0 |
|
|a Accounting
|
| 999 |
0 |
|
|a Banking and Finance
|